BIBLIOTECA

SENCICO

Los RESIDUOS minero-metalúrgicos en el medio ambiente (Registro nro. 1308)

Detalles MARC
000 -LEADER
fixed length control field 00951nam a2200325Ia 4500
005 - DATE AND TIME OF LATEST TRANSACTION
control field 20251020182507.0
008 - FIXED-LENGTH DATA ELEMENTS--GENERAL INFORMATION
fixed length control field 200515s9999 xx 000 0 und d
020 ## - INTERNATIONAL STANDARD BOOK NUMBER
International Standard Book Number 84-7840-656-5
082 ## - DEWEY DECIMAL CLASSIFICATION NUMBER
Classification number 628.5/L
100 ## - MAIN ENTRY--PERSONAL NAME
Personal name Instituto Geológico y Minero de España
245 #0 - TITLE STATEMENT
Title Los RESIDUOS minero-metalúrgicos en el medio ambiente
260 ## - PUBLICATION, DISTRIBUTION, ETC.
Place of publication, distribution, etc. Madrid
260 ## - PUBLICATION, DISTRIBUTION, ETC.
Name of publisher, distributor, etc. Instituto Geológico y Minero de España
260 ## - PUBLICATION, DISTRIBUTION, ETC.
Date of publication, distribution, etc. 2006
300 ## - PHYSICAL DESCRIPTION
Extent 744 p.
300 ## - PHYSICAL DESCRIPTION
Other physical details il., graf., map., fot., col.
490 ## - SERIES STATEMENT
Series statement PUBLICACIONES DEL INSTITUTO GEOLÓGICO Y MINERO DE ESPAÑA. Serie: MEDIO AMBIENTE N° 11
500 ## - GENERAL NOTE
General note 1 ejemplar
650 ## - SUBJECT ADDED ENTRY--TOPICAL TERM
Topical term or geographic name entry element AGUA CONTAMINADA
650 ## - SUBJECT ADDED ENTRY--TOPICAL TERM
Topical term or geographic name entry element BASURA
650 ## - SUBJECT ADDED ENTRY--TOPICAL TERM
Topical term or geographic name entry element CONTAMINANTES
650 ## - SUBJECT ADDED ENTRY--TOPICAL TERM
Topical term or geographic name entry element ESPAÑA
650 ## - SUBJECT ADDED ENTRY--TOPICAL TERM
Topical term or geographic name entry element ESTUDIO IMPACTO MEDIO
650 ## - SUBJECT ADDED ENTRY--TOPICAL TERM
Topical term or geographic name entry element EXPLOTACION MINERA
650 ## - SUBJECT ADDED ENTRY--TOPICAL TERM
Topical term or geographic name entry element REACONDICIONAMIENTO
650 ## - SUBJECT ADDED ENTRY--TOPICAL TERM
Topical term or geographic name entry element RESIDUO INDUSTRIAL
650 ## - SUBJECT ADDED ENTRY--TOPICAL TERM
Topical term or geographic name entry element TRATAMIENTO DE AGUA
942 ## - ADDED ENTRY ELEMENTS (KOHA)
Koha item type Libros
Existencias
Fecha de la última vez que lo usaron Pago total Signatura topográfica completa Código de barras Precio efectivo desde Tipo de documento Estado perdido Estado dañado No es para préstamo Retirado Ubicación permanente Ubicación actual Fecha de adquisición
15/05/2020   628.5/L Bib-Lima15051308 15/05/2020 Libros         Biblioteca Central Lima Biblioteca Central Lima 15/05/2020